| 000 | 00319nam a22001097a 4500 | ||
|---|---|---|---|
| 040 | _cnust | ||
| 082 |
_a388.068 _bDAG |
||
| 100 |
_aCarlos F. Daganzo _99145 |
||
| 245 |
_aPublic transportation systems _bPrinciples of system Design, oprations planing and real-time control |
||
| 300 |
_a493 pages _c25cm |
||
| 942 |
_2ddc _cBK |
||
| 999 |
_c609101 _d609101 |
||